000 00802nam a22001817a 4500
005 2012020306286.0
020 _c700.00
_a 8170003644
035 _aB-83239
037 _b
_adpl
082 _a025.00320285
100 _aशंकर सिंह
_940658
245 1 _aसूचना प्रौद्योगिकी और पुस्तकालय /
_cशंकर सिंह
260 _aनई दिल्ली
_bएस.एस. पब्लिकेशन्स
_c2003
270 _a
_b
_e
_k
300 _a342 पृ.
_c22सेमी (सजिल्द)
942 _adpl
_cHN
_k
_2ddc
_h025.00320285
_mशंकर
999 _c61876
_d61876